000 00993cam a2200145 4500
001 ABS60880
008 000000n1999 000 0 eng u
035 _a(Sirsi) u101399
245 _aLiving Waters Christian Centres Ltd v Fetherstonhaugh
260 _c1999
490 _aEstates Gazette Law Reports
_v[1999] 28 EG 121-127(7)
520 _aCA 27 April 1999. L occupied a premises owned by F, at a rent that was subject to review in the seventh year of the term. An arbitrator was appointed and he issued that hearsay evidence should be excluded from the proceedings. Following the making of an award, in which he had regard to a comparable relied on by F, L issued proceedings requesting the arbitrator to give reasons under the Arbitration Act 1979 S1(5). L contended that the arbitrator had treated as admissible evidence of facts relating to the comparables that were hearsay. The application was dismissed. L appealed. Appeal dismissed.
690 _aARBITRATION-CASE LAW
942 _n0
999 _c60543
_d60543